000 00853cam a2200241 4500
008 031117n2003 000 0 eng u
020 _a1860816223
035 _a(Sirsi) u124351
041 _aeng
050 _a693.82
_c18
100 _aColwell, Sarah
245 _aFire performance of external thermal insulation for walls of multi-storey buildings
250 _a2nd ed.
260 _aWatford
_bBRE
_c2003
300 _ax, 18p
_c30cm.
350 _a27.50
520 _aThis text provides a method of assessing the fire performance of external cladding systems, including full-scale fire test data and design principles which reflect the changes in the type of products and systems now in use.
650 _aFIRE PROTECTION
650 _aTHERMAL INSULATION
690 _aHealth and safety
_96244
700 _aMartin, Brian
942 _n0
999 _c103215
_d103215